| 000 | 01296nam a2200313 c 4500 | ||
|---|---|---|---|
| 003 | BLK | ||
| 005 | 20180422100456.0 | ||
| 008 | 180408b bul|||||r ||||||| ||bul|| | ||
| 010 | _aKNG00039853000 | ||
| 040 | _aBLK | ||
| 041 |
_aBUL _cBUL |
||
| 080 |
_aАвстрийска литература _b821.112(436) _x-31 _z821.112(436)-31 |
||
| 100 | 1 |
_aВайс, Ернст _eпърви автор _9275099 |
|
| 700 | 1 |
_aДимова, Ана _eпрев. от нем. _9364442 |
|
| 700 | 1 |
_aПопова, Недялка Стоянова _eпредг. от _9364488 |
|
| 139 |
_aВайс, Ернст _bВ 16 |
||
| 245 | 1 | 0 |
_aБедният прахосник _bРоман _cЕрнст Вайс; прев. от нем. Ана Димова; предг. от Недялка Стоянова Попова. |
| 257 | _aAUT | ||
| 260 |
_аСофия _bНар. култура _c1985 |
||
| 300 |
_a416 с., 1 л. _bпортр. _c21 см |
||
| 380 | _aX | ||
| 490 | 1 |
_aБиблиотека Избрани романи _v5 |
|
| 500 | _aОриг. загл. Der arme Verschwender / Ernst Welss. - Авт. не е отбелязан на кор. - 25 125 тир. | ||
| 852 | _aЦб 135108 | ||
| 856 | 4 |
_qpdf _u |
|
| 856 | 4 |
_qpdf _u |
|
| 942 |
_cKNG _n0 |
||
| 944 |
_aCR _c23.08.2016 _kКети_Илиева |
||
| 944 |
_aED _c23.08.2016 _kКети_Илиева |
||
| 999 |
_c36739 _d36739 |
||